<?xml version="1.0" encoding="UTF-8"?>
<record
    xmlns:xsi="http://www.w3.org/2001/XMLSchema-instance"
    xsi:schemaLocation="http://www.loc.gov/MARC21/slim http://www.loc.gov/standards/marcxml/schema/MARC21slim.xsd"
    xmlns="http://www.loc.gov/MARC21/slim">

  <leader>00432nas a22001817i 4500</leader>
  <datafield tag="999" ind1=" " ind2=" ">
    <subfield code="c">4438</subfield>
    <subfield code="d">4438</subfield>
  </datafield>
  <controlfield tag="001">4520</controlfield>
  <controlfield tag="003">OSt</controlfield>
  <controlfield tag="005">20180914133833.0</controlfield>
  <controlfield tag="007">tu</controlfield>
  <controlfield tag="008">161220s        xxu||||| |||| 00| 0     d</controlfield>
  <datafield tag="024" ind1="7" ind2=" ">
    <subfield code="a">4519</subfield>
    <subfield code="2">RID</subfield>
  </datafield>
  <datafield tag="040" ind1=" " ind2=" ">
    <subfield code="c">OSt</subfield>
  </datafield>
  <datafield tag="110" ind1="2" ind2=" ">
    <subfield code="a">European University Institute &lt;Florence&gt;</subfield>
  </datafield>
  <datafield tag="245" ind1=" " ind2=" ">
    <subfield code="a">EUI Working Papers</subfield>
  </datafield>
  <datafield tag="260" ind1=" " ind2=" ">
    <subfield code="a">San Domenico (FI) :</subfield>
    <subfield code="b">European University Institute.</subfield>
  </datafield>
  <datafield tag="300" ind1=" " ind2=" ">
    <subfield code="b">ET kat.</subfield>
  </datafield>
  <datafield tag="942" ind1=" " ind2=" ">
    <subfield code="c">SE</subfield>
  </datafield>
  <datafield tag="952" ind1=" " ind2=" ">
    <subfield code="0">0</subfield>
    <subfield code="1">0</subfield>
    <subfield code="4">0</subfield>
    <subfield code="7">0</subfield>
    <subfield code="a">BIB</subfield>
    <subfield code="b">BIB</subfield>
    <subfield code="c">3</subfield>
    <subfield code="d">1999-05-10</subfield>
    <subfield code="i">4520</subfield>
    <subfield code="l">0</subfield>
    <subfield code="p">304518</subfield>
    <subfield code="r">2017-01-26 00:00:00</subfield>
    <subfield code="w">2017-01-26</subfield>
    <subfield code="y">SE</subfield>
  </datafield>
</record>
